000 00645cam a2200217 4500
001 J721
008 090401t1963 xxu||||| |||| 00| 0 eng d
035 _a(Sirsi) u76437
041 _aeng
050 _a692.5
110 _aCoventry Corporation
_92968
245 _aOperational bills for 18 old person`s bungalows at Ashburton Road , Coventry for the Housing Committee of the Corporation of the City of Coventry.
260 _c1963
300 _aca.300p. ; 30cm.
350 _a0
650 _aBILLS OF QUANTITIES
690 _aQuantity surveying
_96263
710 _aBuilding Research Station
_9203
942 _n0
948 _c04/03/1997
999 _c96174
_d96174